WWW oldalak dinamikus generálása
Elmentve itt :
| Szerző: | |
|---|---|
| További közreműködők: | |
| Dokumentumtípus: | Szakdolgozat |
| Megjelent: |
1996
|
| Tárgyszavak: | |
| Online Access: | http://diploma.bibl.u-szeged.hu/201 |
| LEADER | 00593nta a2200181 i 4500 | ||
|---|---|---|---|
| 001 | dipl201 | ||
| 005 | 20130314065617.0 | ||
| 008 | 110413s1996 hu om 0|| hun d | ||
| 040 | |a SZTE Diploma Repozitórium |b hun | ||
| 041 | |a hun | ||
| 100 | 1 | |a Maróy Ákos | |
| 245 | 1 | 0 | |a WWW oldalak dinamikus generálása |h [elektronikus dokumentum] / |c Ákos Maróy |
| 260 | |c 1996 | ||
| 650 | 4 | |a Informatika | |
| 650 | 4 | |a Computer and information sciences | |
| 700 | 0 | 1 | |a Csirik János |e ths |
| 700 | 0 | 1 | |a Vas Zoltán |e ths |
| 856 | 4 | 0 | |u https://diploma.bibl.u-szeged.hu/id/eprint/201/1/1996_maroy_akos.pdf |z Dokumentum-elérés |